000
00349 a2200169 4500
001
174632
020
_a
978-85-16-06314-6
040
_c
Magnum
100
_a
Rocha, Ruth
240
1
0
_a
A arca de noé
_l
por
245
1
0
_a
A arca de noé
300
_a
40
362
0
_a
2009
440
1
_a
Salamandra
697
_a
LITERATURA INFANTO
942
_c
BK
999
_c
174632
_d
174632